000 02812cam a22006374i 4500
003 PE-LiUPU
005 20250731170439.0
008 150625s2003 mx a rb 000 0 spa d
020 _a9702603471
020 _a9789702603474
035 _a(Sirsi) i9789702603474
040 _aPE-LiUPU
_bspa
_cPE-LiUPU
_dPE-LiUPU
_erda
049 _aPRUA
082 0 4 _a150.51952
_bG25
_221
100 1 _aGardner, Robert C.,
_eautor.
245 1 0 _aEstadística para psicología :
_busando SPSS para windows /
_cRobert C. Gardner.
264 1 _aMéxico :
_bPrentice Hall,
_c2003.
300 _a307 páginas :
_bilustraciones ;
_c27 centímetros
336 _atext
_2rdacontent
337 _aunmediated
_2rdamedia
338 _avolume
_2rdacarrier
504 _aIncluye referencias bibliográficas.
505 0 _aEstadística, computadoras y paquetes estadísticos -- La prueba t -- Diseño de análisis de varianza de un solo factor -- Diseños factoriales totalmente aleatorizados -- Diseño de un solo factor y medidas repetidas -- Análisis de varianza split-plot -- Análisis chi cuadrado para datos de frecuencia -- Regresión y correlación bivariadas -- Regresión múltiple y correlación múltiple -- Análisis factorial -- Análisis de varianza multivariado -- Apéndice tablas-Distribuciones muéstrales.
526 _aSEG68
526 _aSEG70
526 _aSEG69
526 _aSEG67
526 _aSEG43
526 _aP144
526 _aP143
526 _aP131
526 _aP122
526 _aP120
526 _aP117
526 _aP112
526 _aP110
526 _aP106
526 _aP101
526 _aP80
526 _aP59
526 _aP54
526 _aP35
526 _aP33
526 _aP30
541 _g0012-0003097;
541 _g0012-0003097;
650 0 4 _aPsicología
_xMétodos estadísticos
_vPrograma de computación.
650 0 4 _aSPSS para Windows.
942 _2ddc
_cBOOK
949 _a150.51952 G25
_wDEWEY
_c1
_i55355
_d2015-11-13
_e2015-11-12
_lCCODEBUL1
_mBUL
_n6
_p16.00
_r0
_sY
_tBOOK
_u2015-6-25
_xSALUD
_PP33
_0COMPRA
_o.STAFF. Colección Ciencias de la Salud
949 _a150.51952 G25
_wDEWEY
_c2
_i56337
_lCCODEBUL1
_mBUL
_p16.00
_r0
_sY
_tBOOK
_u2015-6-25
_xSALUD
_PP33
_0COMPRA
_o.STAFF. Colección Ciencias de la Salud
994 _aC0
_bPEPRU
596 _a1
999 _a150.51952 G25
_wDEWEY
_c44263
_i55355
_d44263
_e2015-11-12
_f2021-11-3
_g5
_lCCODEBUL1
_mBUL
_n6
_p16.00
_q1
_r0
_sY
_tBOOK
_u2015-6-25
_xSALUD
_zP33
_0COMPRA
_o.STAFF. Colección Ciencias de la Salud
999 _a150.51952 G25
_wDEWEY
_c2
_i56337
_f2021-11-3
_g5
_lCCODEBUL1
_mBUL
_p16.00
_r0
_sY
_tBOOK
_u2015-6-25
_xSALUD
_zP33
_0COMPRA
_o.STAFF. Colección Ciencias de la Salud
980 _81
_gALBERTO SANCHEZ Responsable de Automatización